000 01556nam a2200301Ia 4500
003 PE SENCICO BE
005 20251124154438.0
008 200515s9999 xx 000 0 und d
020 _a970-24-0915-2
040 _aPE SENCICO BE
_cPE SENCICO BE
041 _aspa
082 _a526.9
_bA35T
100 1 _aAlcántara García, Dante
_93231
_eautor
245 1 0 _aTopografía y sus aplicaciones /
_cDante Alcántara García
250 _a1a ed.
260 _aMéxico, D.F. :
_bGrupo editorial Patria ;
_c2007
300 _a386 páginas :
_bilustraciones, tablas, gráficos ;
_c26 cm.
504 _aBibliografía: p. 373-375
505 0 _aPlanimetría -- Altimetría -- Planimetría y altimetría simultáneas, determinación de valores -- Nociones sobre el proyecto geométrico de caminos -- Agrodesia -- Orientación astronómica -- Fundamentos de la triangulación y trilateración topográficas -- Nociones de topografía subterránea -- Bree estudio de la fotografía aérea -- Levantamientos en lagos, ríos y costas -- Sistema de Posicionamiento Global (GPS)
520 3 _aPresenta una visión del mundo actual y una panorámica clara de lo que se requiere en el futuro en esta área dentro de una formación general en la que el dominio de la topografía y la geografía son fundamentales.
650 1 0 _aTopografía
_94
650 2 0 _aPlanimetría
_91232
650 2 0 _aFotografía aérea en geología
_93268
650 2 0 _aAgrodesia
_93232
650 2 0 _aGPS
_9911
650 2 0 _aSistema de Posicionamiento Global
_93280
942 _cLIB
_2ddc
999 _c524
_d524